Cantigas de Santa María / (Record n. 28391)

Dettagli MARC
000 -LEADER
fixed length control field 00918nam a2200265 i 4500
003 - CONTROL NUMBER IDENTIFIER
control field IT-RoINE
005 - DATE AND TIME OF LATEST TRANSACTION
control field 20190114060857.0
008 - FIXED-LENGTH DATA ELEMENTS--GENERAL INFORMATION
fixed length control field 960102m19882004sp 00 glg
020 ## - INTERNATIONAL STANDARD BOOK NUMBER
International Standard Book Number 8470394401 (O.c.)
020 ## - INTERNATIONAL STANDARD BOOK NUMBER
International Standard Book Number 8470395394 (t. 3)
040 ## - CATALOGING SOURCE
Original cataloging agency SpMaBN
Transcribing agency SpMaBN IT-RoINE
Modifying agency IT-RoINE
100 1# - MAIN ENTRY--PERSONAL NAME
Personal name Alfonso
Numeration X,
Titles and other words associated with a name Rey de Castilla,
9 (RLIN) 9397
Dates associated with a name 1221-1284
245 10 - TITLE STATEMENT
Title Cantigas de Santa María /
Statement of responsibility, etc Alfonso X, el Sabio ; edición, introducción y notas de Walter Mettmann.
260 ## - PUBLICATION, DISTRIBUTION, ETC. (IMPRINT)
Place of publication, distribution, etc Madrid :
Name of publisher, distributor, etc Castalia,
Date of publication, distribution, etc 1988-2004.
300 ## - PHYSICAL DESCRIPTION
Extent 3 v. ;
Dimensions 18 cm.
336 ## - CONTENT TYPE
Source rdacontent
Content type term text
337 ## - MEDIA TYPE
Source rdamedia
Media type term unmediated
338 ## - CARRIER TYPE
Source rdacarrier
Carrier type term volume
490 1# - SERIES STATEMENT
Series statement Clásicos Castalia ;
Volume number/sequential designation 134, 172, 178
500 ## - GENERAL NOTE
General note Incluye índice.
504 ## - BIBLIOGRAPHY, ETC. NOTE
Bibliography, etc Incluye referencias bibliográficas.
700 1# - ADDED ENTRY--PERSONAL NAME
Personal name Mettmann, Walter,
Dates associated with a name 1926-
9 (RLIN) 55951
830 #0 - SERIES ADDED ENTRY--UNIFORM TITLE
9 (RLIN) 34162
Uniform title Clásicos Castalia ;
Volume number/sequential designation 134, 172, 178
942 ## - ADDED ENTRY ELEMENTS (KOHA)
Item type Monografías
Dati di copia
Withdrawn status Lost status Damaged status Not for loan Home library Current library Date acquired Total Checkouts Full call number Barcode Date last seen Price effective from Koha item type Public note
        Iglesia Nacional Española en Roma Iglesia Nacional Española en Roma 14/01/2019   LEN.LIT 1203.3 54178 14/01/2019 14/01/2019 Monografías T. 3: (cantigas 261 a 427)